000 00637nam a22001577a 4500
003 OSt
005 20150918085404.0
008 150918b xxu||||| |||| 00| 0 eng d
040 _cRUA
082 _aAGR YAT 2004 B030 Or.1
100 _9719
_aYATH, YOEUY.
245 _aeffect of different fertilizer rate on growth and yield in rice variety sen pidao (ឥទ្ធិពលនៃកំរិតគីមីផ្សេងៗគ្នា ទៅលើកាលូតលាស់ និង​ទិន្នផលស្រូវសែនពិដោរ)
260 _aPhnom Penh
_bRUA
_c2004
300 _a62p.
_bill.
_c29cm.
942 _2ddc
_cAGR
999 _c691
_d691